| 000 | 00689nam a22002417a 4500 | ||
|---|---|---|---|
| 001 | 67238 | ||
| 003 | BD-RjUL | ||
| 005 | 20211209081629.0 | ||
| 008 | 170323r19951954enka|||| |||| 001 0 eng d | ||
| 020 | _a0813817412 | ||
| 035 | _a(BD-RjUL)67369 | ||
| 040 |
_aBD-RjUL _beng _cBD-RjUL _dBD-RjUL |
||
| 041 | _aeng | ||
| 082 |
_223 _a636.089 _bVET 1995 |
||
| 245 |
_aVeterinary Pharmacology and Therapeutics / _cH. Richard Adams. |
||
| 250 | _a7th ed. | ||
| 260 |
_aAmes : _bLowa State University press, _cc 1995. |
||
| 300 |
_aix, 1181 p. : _bill. ; _c27 cm. |
||
| 500 | _aIncludes index | ||
| 650 |
_aVeterinary medicine _9199210 |
||
| 700 |
_aAdams, H. Richard _9199211 |
||
| 942 |
_2ddc _cBK |
||
| 999 |
_c67238 _d67238 |
||